Parking offence (Record no. 80775)

MARC details
000 -LEADER
fixed length control field 01320cab a22002055a 4500
001 - CONTROL NUMBER
control field L145327
008 - FIXED-LENGTH DATA ELEMENTS--GENERAL INFORMATION
fixed length control field 080929e20080905xxk f v 000 0 eng d
035 ## - SYSTEM CONTROL NUMBER
System control number (Sirsi) u145327
041 0# - LANGUAGE CODE
Language code of text/sound track or separate title eng
100 1# - MAIN ENTRY--PERSONAL NAME
Personal name Gordon, Warren
245 00 - TITLE STATEMENT
Title Parking offence
Remainder of title case notes
260 ## - PUBLICATION, DISTRIBUTION, ETC.
Date of publication, distribution, etc. 2008
490 #0 - SERIES STATEMENT
Series statement Property Week
Volume/sequential designation 73(36) 5 September 2008, 73(1)
520 ## - SUMMARY, ETC.
Summary, etc. Discusses the case of Herbert v Doyle and Talati [2008] EWHC 1959 (Ch), 4 August 2008. After a bitter neighbours' dispute lasting over a decade, a property developer failed to obtain parking spaces needed for his development. A developer bought land near a dental surgery. The dentists transferred their parking spaces to the developer for new spaces, but were unhappy with the parking arrangements. It was agreed that the developer's plan could go ahead, but only if he complied with all aspects of an agreement to relocate the spaces. The developer did not do so. Held: small damages were awarded to the dentists as the developer had not upheld his side of the agreement, despite the fact that the agreement was not binding.
590 ## - LOCAL NOTE (RLIN)
Local note KA
650 24 - SUBJECT ADDED ENTRY--TOPICAL TERM
Topical term or geographic name entry element LAW OF PROPERTY (MISCELLANEOUS PROVISIONS) ACT 1989
651 #4 - SUBJECT ADDED ENTRY--GEOGRAPHIC NAME
Geographic name England and Wales
Chronological subdivision 1543-
690 ## - LOCAL SUBJECT ADDED ENTRY--TOPICAL TERM (OCLC, RLIN)
Topical term or geographic name as entry element PROPERTY-COMMERCIAL PROPERTY-ACQUISITION AND DISPOSAL OF COMMERCIAL PROPERTY
942 ## - ADDED ENTRY ELEMENTS (KOHA)
Suppress in OPAC 0
Holdings
Withdrawn status Lost status Source of classification or shelving scheme Damaged status Not for loan Home library Current library Shelving location Date acquired Total Checkouts Full call number Barcode Date last seen Copy number Price effective from Koha item type
    Dewey Decimal Classification     London London Journal article 29/09/2008   L145327 145327-1001 06/08/2019 1 06/08/2019 Journal article